[Event "British Columbia op"]
[Site "Richmond CAN"]
[Date "2023.02.18"]
[Round "2.2"]
[White "Jiang, Kate"]
[Black "Doknjas, John"]
[Result "0-1"]
[WhiteElo "2026"]
[BlackElo "2341"]
[PlyCount "120"]
[EventDate "2023.02.18"]
[EventType "swiss"]
[EventRounds "6"]
[EventCountry "CAN"]

1. e4 e5 2. Nf3 Nc6 3. Bb5 a6 4. Ba4 Nf6 5. O-O Nxe4 6. Re1 Nc5 7. Bxc6 dxc6 8.
Nxe5 Be7 9. d4 Ne6 10. c3 O-O 11. f4 f6 12. Nd3 Qd5 13. Nd2 c5 14. Qf3 Qxf3 15.
Nxf3 cxd4 16. f5 Nc5 17. Nf2 Bd6 18. Nxd4 Bd7 19. Bd2 Rfe8 20. g4 a5 21. Kg2
Kf7 22. h3 a4 23. Kf3 g5 24. fxg6+ hxg6 25. Bf4 Bxf4 26. Kxf4 Ne6+ 27. Nxe6
Bxe6 28. Ne4 g5+ 29. Kg3 Bd5 30. Nc5 Rxe1 31. Rxe1 b6 32. Rd1 Bxa2 33. Ne4 Re8
34. Kf3 Re5 35. Ng3 Bd5+ 36. Kf2 Be6 37. Rd4 Rb5 38. Rd2 Rd5 39. Rxd5 Bxd5 40.
Nf5 c5 41. Kg3 Be6 42. Ne3 b5 43. h4 gxh4+ 44. Kxh4 Kg6 45. Nc2 Bb3 46. Na3 b4
47. cxb4 cxb4 48. Nb5 Bc4 49. Nd4 a3 50. bxa3 b3 51. Nf3 b2 52. Nd2 Bd3 53. a4
b1=Q 54. Nxb1 Bxb1 55. Kg3 Kg5 56. a5 Bd3 57. Kf3 Ba6 58. Kg3 Bc8 59. Kf3 Bxg4+
60. Ke3 Bc8 0-1

[Event "British Columbia op"]
[Site "Richmond CAN"]
[Date "2023.02.18"]
[Round "2.3"]
[White "Wang, Jerry"]
[Black "Nunez Asencio, Jorge"]
[Result "0-1"]
[WhiteElo "1991"]
[BlackElo "2303"]
[PlyCount "54"]
[EventDate "2023.02.18"]
[EventType "swiss"]
[EventRounds "6"]
[EventCountry "CAN"]

1. c4 c6 2. Nf3 d5 3. cxd5 cxd5 4. d4 Nc6 5. Nc3 Nf6 6. e3 a6 7. a3 Bf5 8. Ne5
Qc7 9. Qa4 e6 10. Bb5 Rc8 11. Bxc6+ bxc6 12. Qxa6 Bd6 13. Nf3 h6 14. Bd2 O-O
15. b4 Ra8 16. Qe2 Bxb4 17. O-O Bxa3 18. h3 Bd6 19. Rxa8 Rxa8 20. Rc1 Qb7 21.
Be1 Qb3 22. g4 Bh7 23. Qd1 Qb2 24. Bd2 Ne4 25. Nxe4 Bxe4 26. Ne5 Ra2 27. Be1 c5
0-1

[Event "British Columbia op"]
[Site "Richmond CAN"]
[Date "2023.02.18"]
[Round "2.4"]
[White "Fuentebella, Mayo"]
[Black "Wu, Nathan"]
[Result "1-0"]
[WhiteElo "2261"]
[BlackElo "2006"]
[PlyCount "99"]
[EventDate "2023.02.18"]
[EventType "swiss"]
[EventRounds "6"]
[EventCountry "CAN"]

1. c4 c5 2. Nc3 g6 3. Nf3 Bg7 4. d4 cxd4 5. Nxd4 Nc6 6. Nxc6 bxc6 7. e4 c5 8.
Be3 d6 9. Be2 Nf6 10. f3 Nd7 11. Qd2 Ne5 12. Rd1 Bb7 13. O-O Nc6 14. f4 O-O 15.
f5 Nd4 16. Bd3 e5 17. Nd5 Bxd5 18. exd5 Qe7 19. Rde1 a5 20. Bg5 f6 21. Be3 Nxf5
22. Bxf5 gxf5 23. Rxf5 Rf7 24. Ref1 a4 25. R1f2 Qb7 26. g4 Qb4 27. Qd3 Raa7 28.
Qe4 Rab7 29. Kg2 Qb6 30. h3 Qd8 31. Qc2 Qa5 32. Bd2 Qa7 33. Bc3 Qb6 34. Qxa4
Ra7 35. Qe8+ Rf8 36. Qe6+ Raf7 37. g5 Qd8 38. R5f3 Kh8 39. Qg4 Qe7 40. g6 hxg6
41. Qxg6 Rg8 42. Rg3 Qf8 43. Bd2 f5 44. Qh5+ Bh6 45. Qxh6+ Rh7 46. Qxf8 Rxf8
47. Rg6 f4 48. Bc3 Rh5 49. Rxd6 Rg8+ 50. Kf1 1-0

[Event "British Columbia op"]
[Site "Richmond CAN"]
[Date "2023.02.18"]
[Round "2.5"]
[White "Doknjas, Neil"]
[Black "Yang, Brian"]
[Result "1-0"]
[WhiteElo "2239"]
[BlackElo "1985"]
[PlyCount "55"]
[EventDate "2023.02.18"]
[EventType "swiss"]
[EventRounds "6"]
[EventCountry "CAN"]

1. e4 c5 2. Nf3 e6 3. d4 cxd4 4. Nxd4 Nc6 5. Nc3 Qc7 6. f4 a6 7. Nxc6 bxc6 8.
Bd3 d5 9. Qe2 Nf6 10. O-O Be7 11. Bd2 O-O 12. Rae1 Bb7 13. e5 Nd7 14. Na4 c5
15. b3 Bc6 16. Nc3 Nb6 17. f5 exf5 18. e6 Bf6 19. Bxf5 fxe6 20. Bxe6+ Kh8 21.
Qh5 g6 22. Qh3 Bg7 23. Ne2 Be5 24. Bh6 Bg7 25. Nf4 Rxf4 26. Rxf4 Re8 27. Ref1
Qe5 28. Rf7 1-0

[Event "British Columbia op"]
[Site "Richmond CAN"]
[Date "2023.02.18"]
[Round "2.6"]
[White "Xu, Andrew"]
[Black "Yang, Jingyun (Ryan)"]
[Result "1/2-1/2"]
[WhiteElo "1936"]
[BlackElo "2214"]
[PlyCount "78"]
[EventDate "2023.02.18"]
[EventType "swiss"]
[EventRounds "6"]
[EventCountry "CAN"]

1. e4 Nf6 2. e5 Nd5 3. d4 d6 4. exd6 cxd6 5. Nf3 e6 6. Bc4 Nf6 7. O-O Be7 8.
Bd3 O-O 9. c3 b6 10. Bg5 Nbd7 11. Nbd2 Bb7 12. Qc2 h6 13. Bh4 Rc8 14. a4 Nd5
15. Bxe7 Qxe7 16. Rfe1 N7f6 17. Bf1 Rfd8 18. a5 Qc7 19. axb6 axb6 20. Ra7 Nb4
21. Qb3 Nc6 22. Ra3 Na5 23. Qc2 Bxf3 24. Nxf3 Nc4 25. Bxc4 Qxc4 26. Rea1 Qd5
27. h3 e5 28. Qf5 e4 29. Qxd5 Nxd5 30. Nd2 Re8 31. c4 e3 32. fxe3 Nxe3 33. Rc3
Nf5 34. Nf3 Re2 35. b4 Ne3 36. Re1 Rxe1+ 37. Nxe1 Nxc4 38. Nc2 b5 39. Na3 Rb8
1/2-1/2

[Event "British Columbia op"]
[Site "Richmond CAN"]
[Date "2023.02.18"]
[Round "2.7"]
[White "Leong, Ryan"]
[Black "Albitar, Hani"]
[Result "1/2-1/2"]
[WhiteElo "1901"]
[BlackElo "2190"]
[PlyCount "65"]
[EventDate "2023.02.18"]
[EventType "swiss"]
[EventRounds "6"]
[EventCountry "CAN"]

1. Nf3 d5 2. g3 Nf6 3. Bg2 c5 4. d4 cxd4 5. Nxd4 e5 6. Nf3 Nc6 7. O-O Be7 8. c4
dxc4 9. Qxd8+ Bxd8 10. Na3 c3 11. bxc3 O-O 12. Nc4 Bc7 13. Ba3 Rd8 14. Rfd1 Be6
15. Nd6 Bxd6 16. Bxd6 Nd5 17. Bxe5 Nxe5 18. Nxe5 Nxc3 19. Rxd8+ Rxd8 20. Bxb7
Bxa2 21. Bf3 Rd1+ 22. Rxd1 Nxd1 23. Nc6 a6 24. Na5 Nb2 25. e3 Kf8 26. Be2 Ke7
27. Bxa6 g5 28. Nc6+ Kf6 29. Nd4 Na4 30. Bd3 h5 31. h4 gxh4 32. gxh4 Nc5 33.
Be2 1/2-1/2

[Event "British Columbia op"]
[Site "Richmond CAN"]
[Date "2023.02.18"]
[Round "2.8"]
[White "Liu, Zachary"]
[Black "Cheng, Louis"]
[Result "1-0"]
[WhiteElo "2155"]
[BlackElo "1960"]
[PlyCount "85"]
[EventDate "2023.02.18"]
[EventType "swiss"]
[EventRounds "6"]
[EventCountry "CAN"]

1. e4 c5 2. Nf3 d6 3. d4 cxd4 4. Nxd4 Nf6 5. Nc3 a6 6. Bg5 e6 7. f4 Be7 8. Qf3
h6 9. Bh4 Nbd7 10. O-O-O Qc7 11. Be2 b5 12. Bxf6 Bxf6 13. e5 Bb7 14. Ndxb5 axb5
15. Nxb5 O-O 16. Nxc7 Bxf3 17. Bxf3 Rac8 18. exd6 Nc5 19. Bc6 Rb8 20. c3 Rb6
21. Bb5 Ne4 22. a4 Nf2 23. a5 Rxb5 24. Nxb5 Nxh1 25. Rxh1 Rb8 26. c4 Ra8 27. b4
Rc8 28. c5 g5 29. Na7 Ra8 30. Nc6 gxf4 31. b5 Kg7 32. b6 Rc8 33. b7 Rxc6 34.
b8=Q Rxc5+ 35. Kb1 Rxa5 36. Rd1 Ra1+ 37. Kc2 Ra2+ 38. Kd3 Rxg2 39. d7 Rg5 40.
d8=Q Bxd8 41. Qxd8 Rd5+ 42. Qxd5 exd5 43. Rf1 1-0

[Event "British Columbia op"]
[Site "Richmond CAN"]
[Date "2023.02.18"]
[Round "2.9"]
[White "He, Matthew"]
[Black "Song, Ethan"]
[Result "1/2-1/2"]
[WhiteElo "1853"]
[BlackElo "2129"]
[PlyCount "77"]
[EventDate "2023.02.18"]
[EventType "swiss"]
[EventRounds "6"]
[EventCountry "CAN"]

1. d4 Nf6 2. c4 e6 3. Nc3 Bb4 4. Qc2 d5 5. cxd5 exd5 6. Bg5 h6 7. Bxf6 Qxf6 8.
a3 Bxc3+ 9. Qxc3 c6 10. e3 Bf5 11. Ne2 Nd7 12. Ng3 Bg6 13. Bd3 O-O 14. O-O Rfe8
15. b4 h5 16. Rfe1 h4 17. Ne2 Bxd3 18. Qxd3 h3 19. gxh3 Re4 20. f4 Re6 21. Ng3
Qh4 22. Qf5 Nf6 23. Ra2 Rae8 24. Rae2 g6 25. Qg5 Qxh3 26. Nf1 Qf3 27. Qg2 Qxg2+
28. Kxg2 Nd7 29. Kf3 Nb6 30. Rc1 f5 31. Nd2 Kf7 32. Rc3 Kf6 33. Rg2 Rh8 34. Kf2
Nc8 35. Kg1 Rhe8 36. Rg3 Nd6 37. Kf2 Rh8 38. h3 Ra8 39. Rc5 1/2-1/2

[Event "British Columbia op"]
[Site "Richmond CAN"]
[Date "2023.02.18"]
[Round "2.10"]
[White "La Barbera, Salvatore"]
[Black "Mohammed Qanee, Arpak Worya"]
[Result "1/2-1/2"]
[WhiteElo "1617"]
[BlackElo "2076"]
[PlyCount "93"]
[EventDate "2023.02.18"]
[EventType "swiss"]
[EventRounds "6"]
[EventCountry "CAN"]

1. b3 e5 2. Bb2 Nc6 3. e3 Nf6 4. Bb5 Bd6 5. Na3 a6 6. Bxc6 dxc6 7. Nc4 Qe7 8.
Ne2 b5 9. Nxd6+ cxd6 10. Ng3 h5 11. Qf3 Nd5 12. Nf5 Bxf5 13. Qxf5 g6 14. Qf3
Kd7 15. e4 Nb4 16. Qc3 c5 17. a3 Nc6 18. Qh3+ Qe6 19. Qxe6+ Kxe6 20. d3 a5 21.
a4 b4 22. f4 Nd4 23. Bxd4 cxd4 24. Rf1 f5 25. exf5+ gxf5 26. O-O-O Rag8 27. Rd2
Rg4 28. Re2 Kf6 29. fxe5+ dxe5 30. Ref2 f4 31. Re1 h4 32. h3 Rg3 33. Ree2 Rh5
34. Kd1 Rf5 35. Rf3 Rxf3 36. gxf3 Rg5 37. Rh2 Rg1+ 38. Ke2 Kf5 39. Kd2 Rf1 40.
Ke2 Rc1 41. Kd2 Rf1 42. Ke2 Rg1 43. Kd2 Kg5 44. Ke2 Kf6 45. Kd2 Ke6 46. Ke2 Kd6
47. Kd2 1/2-1/2

[Event "British Columbia op"]
[Site "Richmond CAN"]
[Date "2023.02.19"]
[Round "3.1"]
[White "Wu, Nicholas"]
[Black "Le, Quang Long"]
[Result "0-1"]
[WhiteElo "1681"]
[BlackElo "2463"]
[PlyCount "76"]
[EventDate "2023.02.18"]
[EventType "swiss"]
[EventRounds "6"]
[EventCountry "CAN"]

1. d4 d6 2. Bf4 g6 3. e3 Bg7 4. Nf3 Nd7 5. Be2 e5 6. Bg3 Ne7 7. h3 O-O 8. c3 h6
9. O-O f5 10. dxe5 dxe5 11. Bc4+ Kh7 12. Nbd2 Nc6 13. Re1 Qe8 14. Bb5 e4 15.
Bxc6 bxc6 16. Nd4 Nc5 17. Qc2 Nd3 18. Rf1 c5 19. N4b3 Qe7 20. f3 Ba6 21. f4
Rab8 22. Rab1 Qf7 23. Rfd1 Rb6 24. Nc1 Rfb8 25. b3 Nxc1 26. Qxc1 Bd3 27. Ra1 g5
28. Bf2 Rg6 29. Qa3 Bxc3 30. Rac1 Bb4 31. Qxa7 Rbg8 32. fxg5 Rxg5 33. g3 f4 34.
g4 Rxg4+ 35. Kh1 Qh5 36. Qxc7+ R8g7 37. Qxg7+ Rxg7 38. Kh2 Qe2 0-1

[Event "British Columbia op"]
[Site "Richmond CAN"]
[Date "2023.02.19"]
[Round "3.2"]
[White "Doknjas, John"]
[Black "Fuentebella, Mayo"]
[Result "1-0"]
[WhiteElo "2341"]
[BlackElo "2261"]
[PlyCount "133"]
[EventDate "2023.02.18"]
[EventType "swiss"]
[EventRounds "6"]
[EventCountry "CAN"]

1. e4 c5 2. Nf3 e6 3. d4 cxd4 4. Nxd4 Nf6 5. Bd3 Nc6 6. Nxc6 bxc6 7. c4 d5 8.
cxd5 cxd5 9. exd5 Qxd5 10. Qf3 Bb4+ 11. Nd2 Qxf3 12. gxf3 Bb7 13. Ke2 O-O 14.
Ne4 Be7 15. Bg5 Nd5 16. Bxe7 Nxe7 17. Nc5 Bc6 18. Rac1 Rfd8 19. Rhd1 h5 20. Na6
Rxd3 21. Rxd3 Bb5 22. Nc5 Nd5 23. Ke1 Bxd3 24. Nxd3 Kf8 25. b4 Rb8 26. a3 Ke7
27. Ne5 Rb6 28. Nc6+ Kd6 29. Nxa7 Kd7 30. Rc4 Nc7 31. a4 f6 32. b5 Rb7 33. Nc6
Nxb5 34. axb5 Rxb5 35. Nd4 Rb1+ 36. Ke2 Rh1 37. Nb5 g5 38. Rc7+ Ke8 39. Nd6+
Kd8 40. Rf7 f5 41. Rh7 g4 42. Rxh5 Ke7 43. Nc4 Rc1 44. Ne3 gxf3+ 45. Kxf3 Ra1
46. Rh6 Ra4 47. Ng2 Ra3+ 48. Kf4 Ra4+ 49. Kg3 Ra3+ 50. f3 Kf7 51. Rh7+ Kf6 52.
Rh6+ Ke7 53. Nh4 Ra4 54. f4 Re4 55. Rh7+ Kf6 56. Nf3 Re3 57. Ra7 Rb3 58. Ra8
Rc3 59. Ra6 Rb3 60. h4 Rc3 61. h5 Re3 62. Kf2 Re4 63. Kg3 Re3 64. Ra7 Rc3 65.
h6 Kg6 66. h7 Rc8 67. Ne5+ 1-0

[Event "British Columbia op"]
[Site "Richmond CAN"]
[Date "2023.02.19"]
[Round "3.3"]
[White "Nunez Asencio, Jorge"]
[Black "Doknjas, Neil"]
[Result "1/2-1/2"]
[WhiteElo "2303"]
[BlackElo "2239"]
[PlyCount "122"]
[EventDate "2023.02.18"]
[EventType "swiss"]
[EventRounds "6"]
[EventCountry "CAN"]

1. d4 Nf6 2. Nf3 c5 3. d5 b5 4. c3 Bb7 5. e4 Nxe4 6. Bxb5 Nf6 7. c4 Qa5+ 8. Nc3
Ne4 9. O-O Nd6 10. Bf4 a6 11. Bxd6 axb5 12. Nxb5 exd6 13. Re1+ Be7 14. Nxd6+
Kf8 15. Qe2 Nc6 16. Nxb7 Qc7 17. dxc6 dxc6 18. Rad1 Qxb7 19. Ne5 Re8 20. Nd7+
Kg8 21. Nxc5 Qb6 22. Rd7 Qxc5 23. Qxe7 Qxe7 24. Rexe7 Rf8 25. Rc7 h5 26. Rxc6
Rd8 27. g3 h4 28. gxh4 Rxh4 29. Re3 Rd2 30. Rf3 Rxb2 31. Rc8+ Kh7 32. Rxf7 Rxa2
33. h3 Rh5 34. Rf3 Ra7 35. c5 Rg5+ 36. Kh2 Ra2 37. Rf4 Rc2 38. c6 Rgc5 39. Rh4+
Kg6 40. Rg4+ Kf6 41. Rf8+ Ke7 42. Rf3 g5 43. Kg2 Re5 44. h4 gxh4 45. Rg7+ Kd6
46. Rf6+ Re6 47. Rxe6+ Kxe6 48. c7 Kf6 49. Rd7 Kg5 50. Rg7+ Kf6 51. Rh7 Kg6 52.
Rd7 Kg5 53. Kf3 Rc3+ 54. Ke4 h3 55. f4+ Kf6 56. Rh7 Kg6 57. Rxh3 Rxc7 58. f5+
Kg7 59. Rg3+ Kf7 60. Rg6 Rc1 61. Ra6 Re1+ 1/2-1/2

[Event "British Columbia op"]
[Site "Richmond CAN"]
[Date "2023.02.19"]
[Round "3.4"]
[White "Yang, Jingyun (Ryan)"]
[Black "Liu, Zachary"]
[Result "1/2-1/2"]
[WhiteElo "2214"]
[BlackElo "2155"]
[PlyCount "22"]
[EventDate "2023.02.18"]
[EventType "swiss"]
[EventRounds "6"]
[EventCountry "CAN"]

1. e4 c5 2. c4 Nc6 3. Nc3 Nf6 4. Nge2 d6 5. d4 cxd4 6. Nxd4 Bg4 7. f3 Nxd4 8.
Qxd4 Be6 9. Bg5 Qa5 10. Bxf6 gxf6 11. b4 Qe5 1/2-1/2

[Event "British Columbia op"]
[Site "Richmond CAN"]
[Date "2023.02.19"]
[Round "3.5"]
[White "Roback, Joe"]
[Black "MacKinnon, Keith"]
[Result "0-1"]
[WhiteElo "2063"]
[BlackElo "2307"]
[PlyCount "26"]
[EventDate "2023.02.18"]
[EventType "swiss"]
[EventRounds "6"]
[EventCountry "CAN"]

1. e4 d5 2. exd5 Qxd5 3. Nc3 Qd6 4. d4 Nf6 5. h3 a6 6. Nf3 Nc6 7. Be3 Bf5 8. g4
Bg6 9. Bd3 e5 10. dxe5 Nxe5 11. Bxg6 hxg6 12. Qe2 Qc6 13. Bc5 O-O-O 0-1

[Event "British Columbia op"]
[Site "Richmond CAN"]
[Date "2023.02.19"]
[Round "3.6"]
[White "Wang, Howard"]
[Black "Moura, Eduardo"]
[Result "1/2-1/2"]
[WhiteElo "2039"]
[BlackElo "2203"]
[PlyCount "70"]
[EventDate "2023.02.18"]
[EventType "swiss"]
[EventRounds "6"]
[EventCountry "CAN"]

1. e4 d6 2. d4 g6 3. Nf3 Bg7 4. Nc3 a6 5. g3 b5 6. a3 Bb7 7. Bg2 Nf6 8. Qe2 O-O
9. O-O Nbd7 10. Rd1 e6 11. h3 h6 12. Nd2 e5 13. d5 c6 14. dxc6 Bxc6 15. Nb3 Ne8
16. Nd5 Nb6 17. Nxb6 Qxb6 18. Be3 Qc7 19. Rac1 Nf6 20. c4 Rab8 21. c5 Rfd8 22.
cxd6 Rxd6 23. Rxd6 Qxd6 24. Qc2 Rc8 25. Nc5 Ba8 26. b4 Kh7 27. Rd1 Qc6 28. Qb3
Kg8 29. Qd3 Bf8 30. Nd7 Nxd7 31. Qxd7 Qxd7 32. Rxd7 Bc6 33. Ra7 Ra8 34. Rc7 Be8
35. Bc5 Rd8 1/2-1/2

[Event "British Columbia op"]
[Site "Richmond CAN"]
[Date "2023.02.19"]
[Round "3.7"]
[White "Albitar, Hani"]
[Black "Xu, Andrew"]
[Result "1/2-1/2"]
[WhiteElo "2190"]
[BlackElo "1936"]
[PlyCount "53"]
[EventDate "2023.02.18"]
[EventType "swiss"]
[EventRounds "6"]
[EventCountry "CAN"]

1. d4 Nf6 2. c4 e6 3. Nc3 Bb4 4. e3 O-O 5. Bd2 d5 6. Nf3 c5 7. a3 cxd4 8. axb4
dxc3 9. Bxc3 Ne4 10. Bd3 Nxc3 11. bxc3 Qf6 12. Qc2 h6 13. cxd5 exd5 14. O-O Bg4
15. Nd4 Nc6 16. h3 Bd7 17. Nxc6 Bxc6 18. Rfd1 a6 19. Be2 Rac8 20. Rd4 Rc7 21.
Rad1 Rfc8 22. Bg4 Bd7 23. Bxd7 Rxd7 24. e4 Rdc7 25. exd5 Rxc3 26. Qe4 Qd6 27.
Qg4 1/2-1/2

[Event "British Columbia op"]
[Site "Richmond CAN"]
[Date "2023.02.19"]
[Round "3.8"]
[White "Song, Ethan"]
[Black "Leong, Ryan"]
[Result "1/2-1/2"]
[WhiteElo "2129"]
[BlackElo "1901"]
[PlyCount "122"]
[EventDate "2023.02.18"]
[EventType "swiss"]
[EventRounds "6"]
[EventCountry "CAN"]

1. e4 c5 2. Nf3 d6 3. d4 cxd4 4. Nxd4 Nf6 5. Nc3 a6 6. h3 e6 7. g4 Be7 8. g5
Nfd7 9. Be3 Nc6 10. h4 Qc7 11. f4 b5 12. a3 Bb7 13. Qd2 Nc5 14. Nxc6 Bxc6 15.
Bg2 Qb7 16. Qd4 O-O-O 17. Qxg7 Nxe4 18. Nxe4 Bxe4 19. Qc3+ Kd7 20. Bxe4 Qxe4
21. O-O-O Rc8 22. Qd2 Rxc2+ 23. Qxc2 Rc8 24. Bc5 Qxc2+ 25. Kxc2 Rxc5+ 26. Kd3
Rf5 27. Rhf1 d5 28. Ke3 Bc5+ 29. Kf3 Bd6 30. Kg4 Bc7 31. Rd2 Bd6 32. Rdf2 Bc5
33. Rc2 Bd6 34. b4 Bb8 35. Ra2 Bd6 36. Raf2 Bf8 37. Ra2 Bd6 38. a4 Kc6 39.
axb5+ Kxb5 40. Rc2 d4 41. Rf3 Bxb4 42. Rc8 a5 43. Rh8 a4 44. Rxh7 a3 45. Rh8
Bc3 46. Ra8 Kb4 47. h5 Rd5 48. Rd3 Kc4 49. h6 Kxd3 50. h7 a2 51. h8=Q a1=Q 52.
Qh3+ Kc2 53. Qh7+ d3 54. Rxa1 Bxa1 55. Kf3 Bd4 56. Qe4 Kc3 57. g6 d2 58. Ke2
Bg1 59. Kd1 fxg6 60. Qxg6 Bf2 61. Qxe6 Rd4 1/2-1/2

[Event "British Columbia op"]
[Site "Richmond CAN"]
[Date "2023.02.19"]
[Round "3.9"]
[White "Mohammed Qanee, Arpak Worya"]
[Black "He, Matthew"]
[Result "1/2-1/2"]
[WhiteElo "2076"]
[BlackElo "1853"]
[PlyCount "64"]
[EventDate "2023.02.18"]
[EventType "swiss"]
[EventRounds "6"]
[EventCountry "CAN"]

1. d4 d5 2. c4 e6 3. Nf3 Nf6 4. Nc3 Bb4 5. e3 O-O 6. Bd2 b6 7. cxd5 exd5 8. Be2
Bb7 9. O-O Re8 10. Qa4 Bd6 11. Rac1 a6 12. Bd3 Nbd7 13. Ne2 c5 14. Bf5 g6 15.
Bxd7 Qxd7 16. Qxd7 Nxd7 17. dxc5 bxc5 18. Rfd1 Nf6 19. Ba5 Rac8 20. Nc3 Re7 21.
Na4 Nd7 22. b3 Bc6 23. Nb6 Nxb6 24. Bxb6 Bb7 25. b4 cxb4 26. Rxc8+ Bxc8 27.
Rxd5 Rd7 28. Rd4 f6 29. Ba5 Bc5 30. Rxd7 Bxd7 31. Nd4 Bxd4 32. exd4 Be6 1/2-1/2

[Event "British Columbia op"]
[Site "Richmond CAN"]
[Date "2023.02.19"]
[Round "3.10"]
[White "Saravanan, Sujan"]
[Black "Wu, Jonathan"]
[Result "1/2-1/2"]
[WhiteElo "1701"]
[BlackElo "2071"]
[PlyCount "61"]
[EventDate "2023.02.18"]
[EventType "swiss"]
[EventRounds "6"]
[EventCountry "CAN"]

1. e4 c6 2. d4 d5 3. exd5 cxd5 4. Bd3 Nc6 5. c3 Qc7 6. Ne2 Bg4 7. f3 Bd7 8. Bf4
e5 9. dxe5 Nxe5 10. O-O Bd6 11. Re1 Nf6 12. Bxe5 Bxe5 13. f4 Bd6 14. Nd4+ Kf8
15. Nd2 Bxf4 16. N2f3 Ng4 17. h3 Ne3 18. Qb3 Nc4 19. Bxc4 dxc4 20. Qc2 g6 21.
Re2 Kg7 22. Re7 Qd8 23. Qe4 Bd6 24. Rxf7+ Kxf7 25. Qd5+ Kg7 26. Qxd6 Bf5 27.
Qe5+ Qf6 28. Nxf5+ gxf5 29. Qc7+ Qf7 30. Qe5+ Qf6 31. Qc7+ 1/2-1/2

[Event "British Columbia op"]
[Site "Richmond CAN"]
[Date "2023.02.19"]
[Round "3.13"]
[White "Zaruev, Timur"]
[Black "Zhu, Brandon"]
[Result "0-1"]
[WhiteElo "1823"]
[BlackElo "2047"]
[PlyCount "72"]
[EventDate "2023.02.18"]
[EventType "swiss"]
[EventRounds "6"]
[EventCountry "CAN"]

1. e4 e5 2. Nf3 Nc6 3. Bb5 Bb4 4. O-O Nge7 5. c3 Ba5 6. d4 exd4 7. cxd4 d5 8.
Ne5 O-O 9. Bxc6 Nxc6 10. Nxc6 bxc6 11. Qa4 Bb6 12. Be3 dxe4 13. Nc3 f5 14. Ne2
Bd7 15. Nf4 g5 16. Qc4+ Kh8 17. Ne6 Bxe6 18. Qxe6 f4 19. Bd2 Qd5 20. Qg4 Bxd4
21. Rad1 c5 22. Bc3 Rad8 23. Kh1 Qf5 24. Qxf5 Rxf5 25. b4 Rfd5 26. Bxd4+ cxd4
27. Rc1 R8d7 28. Rc4 Kg7 29. Rfc1 Kf6 30. Kg1 d3 31. Rxe4 Kf5 32. f3 Re5 33.
Rxe5+ Kxe5 34. Kf2 Kd4 35. a3 d2 36. Rb1 Kd3 0-1

[Event "British Columbia op"]
[Site "Richmond CAN"]
[Date "2023.02.19"]
[Round "4.1"]
[White "Le, Quang Long"]
[Black "Doknjas, John"]
[Result "1/2-1/2"]
[WhiteElo "2463"]
[BlackElo "2341"]
[PlyCount "162"]
[EventDate "2023.02.18"]
[EventType "swiss"]
[EventRounds "6"]
[EventCountry "CAN"]

1. Nf3 c5 2. g3 Nc6 3. c4 g6 4. d4 cxd4 5. Nxd4 Bg7 6. Nc2 Nf6 7. Nc3 d6 8. Bg2
Be6 9. Ne3 h5 10. h3 O-O 11. O-O Rb8 12. Bd2 Re8 13. Rc1 a6 14. f4 Bd7 15. Ncd5
Nxd5 16. cxd5 Nd4 17. Bc3 Qb6 18. Kh2 Rbc8 19. Qd2 Nf5 20. Nxf5 Bxf5 21. e4 Bd7
22. f5 Bxc3 23. bxc3 Kg7 24. Qg5 Qd8 25. Rce1 Rxc3 26. e5 dxe5 27. Rxe5 Rc2 28.
g4 hxg4 29. Qxg4 Qc7 30. Qg3 Rc3 31. d6 Rxg3 32. dxc7 Rc3 33. Bxb7 Rxc7 34. Be4
Bb5 35. Rf2 Kf6 36. Rxb5 axb5 37. fxg6+ Ke5 38. gxf7 Rf8 39. Bd3 b4 40. h4 Rc6
41. h5 Rf6 42. Re2+ Kd4 43. Bg6 R8xf7 44. Bxf7 Rxf7 45. Kg3 e5 46. Rb2 Kc4 47.
Re2 Kd4 48. Rb2 Kc4 49. Rh2 Kd3 50. h6 Rh7 51. Rh5 e4 52. Rd5+ Ke2 53. Rh5 e3
54. Rh2+ Kd1 55. Rh1+ Kd2 56. Rh5 e2 57. Rd5+ Ke3 58. Re5+ Kd3 59. Kf3 Rf7+ 60.
Kg2 Rf6 61. h7 Rh6 62. Rd5+ Ke3 63. Re5+ Kd2 64. Rd5+ Kc3 65. Re5 Rxh7 66. Rxe2
Rd7 67. Kf3 Rf7+ 68. Kg3 Rf1 69. Re3+ Kc2 70. Re8 Rb1 71. Ra8 Rd1 72. Ra4 Rd3+
73. Kf2 Kc3 74. Ke2 Rd2+ 75. Ke3 Rd8 76. Ke4 Rh8 77. Kd5 Rh5+ 78. Kc6 Rh3 79.
Kc5 Rg3 80. Kb5 Rg2 81. Rxb4 Rxa2 1/2-1/2

[Event "British Columbia op"]
[Site "Richmond CAN"]
[Date "2023.02.19"]
[Round "4.2"]
[White "MacKinnon, Keith"]
[Black "Doknjas, Neil"]
[Result "1-0"]
[WhiteElo "2307"]
[BlackElo "2239"]
[PlyCount "107"]
[EventDate "2023.02.18"]
[EventType "swiss"]
[EventRounds "6"]
[EventCountry "CAN"]

1. e4 e5 2. Nf3 Nc6 3. Bb5 g6 4. c3 a6 5. Ba4 Bg7 6. O-O d6 7. d4 b5 8. Bb3
exd4 9. cxd4 Nge7 10. Nc3 O-O 11. h3 Na5 12. Bc2 c5 13. dxc5 dxc5 14. Qxd8 Rxd8
15. Be3 Nb7 16. Bb3 c4 17. Bc2 Bd7 18. Bb6 Re8 19. Rad1 Be6 20. Nd4 Nc8 21.
Nxe6 Rxe6 22. Bd4 Ncd6 23. f4 b4 24. f5 Bxd4+ 25. Rxd4 Re5 26. Nd5 Nb5 27. Rxc4
N7d6 28. Rc6 gxf5 29. Nf6+ Kg7 30. Nh5+ Kf8 31. exf5 Ke7 32. Bd3 Kd7 33. Rc2 b3
34. axb3 Nd4 35. Rcf2 Ke7 36. f6+ Kd7 37. Ng7 h5 38. b4 Rb8 39. Bxa6 Rxb4 40.
Rd1 Kc6 41. Kh2 h4 42. Bd3 Kc5 43. Rc1+ Kd5 44. Rc7 Rb3 45. Bb1 Rb6 46. Re7 Nc6
47. Ba2+ Kc5 48. Rc2+ Kd4 49. Rd2+ Kc5 50. Rxe5+ Nxe5 51. Rd5+ Kc6 52. Rxe5
Rxb2 53. Bd5+ Kb6 54. Nf5 1-0

[Event "British Columbia op"]
[Site "Richmond CAN"]
[Date "2023.02.19"]
[Round "4.3"]
[White "Liu, Zachary"]
[Black "Nunez Asencio, Jorge"]
[Result "0-1"]
[WhiteElo "2155"]
[BlackElo "2303"]
[PlyCount "76"]
[EventDate "2023.02.18"]
[EventType "swiss"]
[EventRounds "6"]
[EventCountry "CAN"]

1. e4 c5 2. Nf3 a6 3. Nc3 e6 4. d4 cxd4 5. Nxd4 b5 6. Bd3 Bb7 7. O-O Qc7 8. Be3
Nf6 9. f3 b4 10. Na4 d5 11. exd5 Nxd5 12. Bf2 Bd6 13. g3 Nc6 14. Nb3 Ne5 15.
Nac5 Nc3 16. bxc3 Nxf3+ 17. Kh1 Ng5+ 18. Be4 Nxe4 19. Nxe4 Bxe4+ 20. Kg1 Rd8
21. Qe2 Bb7 22. Nd4 O-O 23. cxb4 Bxb4 24. Rab1 a5 25. Be3 Ba8 26. Nf3 Qc6 27.
Rb3 Rc8 28. a3 Be7 29. Rf2 Rfd8 30. Rb6 Qe4 31. Rb5 Rd5 32. Rxd5 Bxd5 33. Qd2
Bxa3 34. Bd4 Bc5 35. Bxc5 Rxc5 36. Qg5 f6 37. Qd2 a4 38. Qc1 Rc3 0-1

[Event "British Columbia op"]
[Site "Richmond CAN"]
[Date "2023.02.19"]
[Round "4.4"]
[White "Fuentebella, Mayo"]
[Black "Qu, Leo"]
[Result "1-0"]
[WhiteElo "2261"]
[BlackElo "2019"]
[PlyCount "73"]
[EventDate "2023.02.18"]
[EventType "swiss"]
[EventRounds "6"]
[EventCountry "CAN"]

1. c4 Nf6 2. Nc3 g6 3. e4 d6 4. d4 Bg7 5. f3 O-O 6. Be3 c5 7. Nge2 Nc6 8. Qd2
Qa5 9. d5 Ne5 10. Nc1 h5 11. Be2 a6 12. O-O Rb8 13. h3 Nh7 14. f4 Nd7 15. Nb3
Qc7 16. Rac1 Re8 17. Qc2 Ndf8 18. Bd3 Bd7 19. Nd2 b5 20. b3 b4 21. Ne2 e5 22.
Nf3 f6 23. Ng3 Re7 24. f5 gxf5 25. exf5 Kf7 26. Nxh5 Ke8 27. h4 Kd8 28. g4 Be8
29. Ng3 Nd7 30. g5 Kc8 31. g6 Nhf8 32. Be4 Kb7 33. h5 Nb6 34. h6 Bh8 35. Nh5
Qd7 36. Kf2 Nh7 37. Rh1 1-0